| 000 | 00418cam a2200181ua 4500 | ||
|---|---|---|---|
| 001 | 4089 | ||
| 008 | 111221n ii |||gr||||Z||||||asm | ||
| 040 | _cMAIN | ||
| 082 | _a891.4518 | ||
| 100 | _aGohain, Hiren, | ||
| 245 | 1 | 1 |
_aLost luggage _cby Hiren Gohain |
| 250 | _a1st. | ||
| 260 |
_aGuwahati: _bLawyers book stall,997. |
||
| 300 |
_a93p: _c23cm. |
||
| 653 | _aAssamese | ||
| 653 | _aLost luggage | ||
| 942 | _cBK | ||
| 999 |
_c3911 _d3911 |
||